000
00298nam a2200109 4500
008
160702b xxu||||| |||| 00| 0 eng d
100
_9
1895
_a
Chowdhury, N.D
245
_a
From Atom to Nano-Tech
260
_a
N.D
_b
Children Book Trust
_c
1997
300
_a
From Atom to Nano-Tech
942
_2
ddc
_c
BK
999
_c
1597
_d
1597